000 00976nas a2200289 4500
001 BR8401822
003 BR-BrBNA
005 20231205085858.0
007 ta
008 230509b bl.|||p| |||| 00| 00por d
040 _aBR-BrBNA
_bpor
_cBiblioteca Nacional de Agricultura
041 _a(Pt)
072 _aH20
100 1 _aTrindade, D.R.
100 1 _aCosta, C.L.
100 1 _aKitajima, E.W.
100 1 _aLin, M.T.
245 1 _aIdentificacao e caracterizacao de estirpes do virus do mosaico comum do feijoeiro no Brasil [Phaseolus vulgaris]
_bParte de tese
246 1 _aIdentification and characterization of strains of bean common mosaic virus in Brazil [Phaseolus vulgaris]
_b[Part of thesis]
650 _aFEIJAO
650 _aMOSAICO
650 _aVIRUS
650 _aESTIRPE
773 0 _tFitopatologia Brasileira (Brazil)
_xISSN 0100-4158
_g(Feb 1984), v. 9(1) p. 1-12
_wBR8401822
909 _a202311
_bLúcia
_c55
_dLúcia Elande
942 _2AGRIS
_n0
_cANA
999 _c114484
_d114484